| 000 | 00465nam a2200121 a 4500 | ||
|---|---|---|---|
| 008 | 120416s1996 ||||||||||||||||| || u | ||
| 050 | _aTHESIS | ||
| 100 | _aDaka, S. A | ||
| 245 | 1 | 0 | _aPrivatization in Zambia, private ownership and performance |
| 260 |
_aKitwe _bCopperbelt University, School of Business _c1996 |
||
| 350 | _a0.00 | ||
| 995 |
_D0.00 _FCBU-MAIN LIBRARY (Kitwe) _H1 _I0.00 _M1 _UAVAILABLE _ZUniversity Collection |
||
| 999 |
_c54716 _d54716 |
||